[Event "2BLW 1920 DJK Aachen - SG Porz"]
[Site "?"]
[Date "2019.12.08"]
[Round "4.2"]
[White "Swinkels, Robin"]
[Black "Rotstein, Arkadij"]
[Result "1-0"]
[WhiteElo "2504"]
[BlackElo "2461"]
[PlyCount "81"]
[EventDate "2019.??.??"]

1. d4 Nf6 2. Bg5 e6 3. e4 h6 4. Bxf6 Qxf6 5. c3 d6 6. Bd3 e5 7. Ne2 Nc6 8. Na3
g6 9. Bb5 a6 10. Bxc6+ bxc6 11. O-O Bg7 12. Nc4 exd4 13. cxd4 O-O 14. Rc1 Re8
15. e5 Qe7 16. Re1 dxe5 17. dxe5 Be6 18. Nf4 Bxc4 19. Rxc4 Rab8 20. b3 Rb4 21.
Qc2 Rxc4 22. Qxc4 g5 23. Nd3 Qd7 24. Qxa6 Rd8 25. Re3 Qd5 26. h3 c5 27. Qb5 Bf8
28. a4 c6 29. Qb6 Rd7 30. Qa6 Qxb3 31. e6 fxe6 32. Ne5 Rd1+ 33. Kh2 Qb1 34. Rf3
Rh1+ 35. Kg3 Qe4 36. Rxf8+ Kxf8 37. Qc8+ Ke7 38. Qd7+ Kf6 39. Ng4+ Kg6 40. Qe8+
Kg7 41. Qe7+ 1-0

[Event "2BLW 1920 DJK Aachen - SG Porz"]
[Site "?"]
[Date "2019.12.08"]
[Round "4.3"]
[White "Xu, Xianliang"]
[Black "Dardha, Daniel"]
[Result "1/2-1/2"]
[WhiteElo "2434"]
[BlackElo "2455"]
[PlyCount "77"]
[EventDate "2019.??.??"]

1. e4 c5 2. Nf3 Nc6 3. c3 Nf6 4. e5 Nd5 5. d4 cxd4 6. cxd4 d6 7. Bc4 e6 8. O-O
Nb6 9. Bd3 dxe5 10. dxe5 Nb4 11. Be4 Qxd1 12. Rxd1 N4d5 13. a4 a5 14. Nc3 Nxc3
15. bxc3 Bc5 16. Nd4 O-O 17. Nb3 Be7 18. Be3 Nc4 19. Bd4 Rb8 20. Nd2 Nxd2 21.
Rxd2 f5 22. exf6 Bxf6 23. Kf1 b5 24. Bxf6 gxf6 25. Rd6 Kf7 26. axb5 Rxb5 27.
Bc6 Rc5 28. Bd7 Rxc3 29. Bxc8 Rfxc8 30. Rxa5 Rc1+ 31. Ke2 R8c2+ 32. Rd2 Rxd2+
33. Kxd2 Rg1 34. Ra7+ Kg6 35. Ra8 Kg7 36. Ra7+ Kg6 37. Ra8 Kf7 38. Ra7+ Kg6 39.
Ra8 1/2-1/2

[Event "2BLW 1920 DJK Aachen - SG Porz"]
[Site "?"]
[Date "2019.12.08"]
[Round "4.4"]
[White "Van Dooren, Dirk"]
[Black "Suvorov, Alexander"]
[Result "1-0"]
[WhiteElo "2316"]
[BlackElo "2276"]
[PlyCount "81"]
[EventDate "2019.??.??"]

1. e4 c5 2. d3 Nc6 3. g3 g6 4. Bg2 Bg7 5. f4 e6 6. Nf3 Nge7 7. O-O d6 8. c3 O-O
9. Be3 b6 10. d4 Bb7 11. dxc5 dxc5 12. Qe2 e5 13. Na3 exf4 14. Bxf4 Qc8 15. Nb5
Ba6 16. a4 h6 17. h4 Kh7 18. Kh2 Qe6 19. Bh3 f5 20. Rfe1 Rad8 21. Qc2 Qg8 22.
Nd6 Kh8 23. Rad1 Bc4 24. Nxc4 Rxd1 25. Qxd1 Qxc4 26. exf5 Nxf5 27. Qd7 Qxa4 28.
Bg2 Rd8 29. Re8+ Rxe8 30. Qxe8+ Kh7 31. Ne5 Nxh4 32. Qxc6 Qxc6 33. Nxc6 Nxg2
34. Kxg2 a6 35. Nb8 a5 36. Nd7 b5 37. Nxc5 a4 38. Na6 a3 39. bxa3 Bxc3 40. Bd6
h5 41. Nc7 1-0

[Event "2BLW 1920 DJK Aachen - SG Porz"]
[Site "?"]
[Date "2019.12.08"]
[Round "4.5"]
[White "Braun, Christian"]
[Black "Lenaerts, Lennert"]
[Result "0-1"]
[WhiteElo "2403"]
[BlackElo "2340"]
[PlyCount "122"]
[EventDate "2019.??.??"]

1. Nf3 d5 2. g3 c6 3. Bg2 Bg4 4. O-O Nd7 5. d3 e5 6. Nbd2 Ngf6 7. h3 Bxf3 8.
Bxf3 Be7 9. e4 dxe4 10. dxe4 O-O 11. a4 Nc5 12. Qe2 Qc7 13. Nc4 Rfd8 14. b4
Nxa4 15. Rxa4 b5 16. Ra6 bxc4 17. Qxc4 Rd4 18. Qxc6 Qxc6 19. Rxc6 Rxb4 20. c3
Rb7 21. Ra6 Rc8 22. Bd2 Bc5 23. Bg5 Bb6 24. Rd1 h6 25. Bxf6 gxf6 26. Rd3 Rbc7
27. Ra3 Rc4 28. Bg4 R8c7 29. Bf5 R7c5 30. Kg2 Ra5 31. Rb3 Ra2 32. Rf3 Kg7 33.
h4 Rc2 34. Ra3 Rc6 35. Rb3 Rd6 36. Rb5 Rdd2 37. Rd5 Rxf2+ 38. Rxf2 Rxf2+ 39.
Kh3 Rc2 40. Rd7 Kf8 41. Bg4 Rxc3 42. Bh5 Rc7 43. Rxc7 Bxc7 44. Bd1 Ke7 45. Kg4
Ba5 46. Kh5 Bd2 47. Kg4 Be1 48. Kf3 Kd6 49. h5 Kc5 50. g4 Kd4 51. Ba4 Kd3 52.
Bb5+ Kd2 53. Ba6 Bh4 54. Bb5 a5 55. Be8 Bg5 56. Bc6 Kd3 57. Be8 Kd4 58. Bc6 Kc5
59. Bd5 a4 60. Ke2 Kd4 61. Kd1 Kc3 0-1

[Event "2BLW 1920 DJK Aachen - SG Porz"]
[Site "?"]
[Date "2019.12.08"]
[Round "4.6"]
[White "Skulener, Wladimir"]
[Black "Korotkjevich, Stanislav"]
[Result "1/2-1/2"]
[WhiteElo "2373"]
[BlackElo "2375"]
[PlyCount "23"]
[EventDate "2019.??.??"]

1. e4 Nc6 2. Nf3 d6 3. d4 Nf6 4. Nc3 Bg4 5. Be3 e6 6. h3 Bh5 7. d5 exd5 8. exd5
Nb8 9. Be2 Be7 10. Nd4 Bxe2 11. Qxe2 O-O 12. O-O 1/2-1/2

[Event "2BLW 1920 DJK Aachen - SG Porz"]
[Site "?"]
[Date "2019.12.08"]
[Round "4.7"]
[White "Malykin, Vitaly"]
[Black "Dardha, Arben"]
[Result "1/2-1/2"]
[WhiteElo "2346"]
[BlackElo "2292"]
[PlyCount "21"]
[EventDate "2019.??.??"]

1. Nf3 c5 2. c4 Nc6 3. Nc3 Nf6 4. e3 d5 5. cxd5 Nxd5 6. Bb5 Nxc3 7. bxc3 Qc7 8.
O-O a6 9. Be2 e6 10. Ba3 Qa5 11. Qb3 1/2-1/2

[Event "2BLW 1920 DJK Aachen - SG Porz"]
[Site "?"]
[Date "2019.12.08"]
[Round "4.8"]
[White "Marcziter, Dmitrii"]
[Black "Pauly, Carlo"]
[Result "0-1"]
[WhiteElo "2228"]
[BlackElo "2258"]
[PlyCount "82"]
[EventDate "2019.??.??"]

1. d4 Nf6 2. c4 g6 3. Nf3 Bg7 4. g3 O-O 5. Bg2 d6 6. Nc3 Nc6 7. O-O a6 8. h3
Bd7 9. Bf4 Nh5 10. Bg5 h6 11. Bc1 e5 12. d5 Ne7 13. e4 Qe8 14. Ne1 f5 15. Nd3
Nf6 16. Kh2 g5 17. f3 Qg6 18. Nf2 h5 19. exf5 Nxf5 20. Nfe4 Bh6 21. Bd2 Nh7 22.
b4 g4 23. Qc1 Bxd2 24. Qxd2 Nd4 25. f4 gxh3 26. Bh1 Bg4 27. Rae1 Rae8 28. c5
Nf5 29. Rg1 Kh8 30. fxe5 Rxe5 31. Ref1 Rfe8 32. Rf2 Nf6 33. Qf4 Nxe4 34. Bxe4
Qg7 35. Bd3 Nh6 36. Ne4 Rf5 37. Qd2 Bf3 38. Rxf3 Rxf3 39. Kxh3 Rxd3 40. Qxd3
Qg4+ 41. Kh2 Rxe4 0-1

[Event "2BLW 1920 TSV Schott Mainz - Bochumer S"]
[Site "?"]
[Date "2019.12.08"]
[Round "4.1"]
[White "Zaitsev, Mikhail"]
[Black "Lobron, Eric"]
[Result "1/2-1/2"]
[WhiteElo "2424"]
[BlackElo "2501"]
[PlyCount "21"]
[EventDate "2019.??.??"]

1. e4 d5 2. exd5 Qxd5 3. d4 Nf6 4. Nf3 Bg4 5. Be2 e6 6. h3 Bh5 7. O-O Nc6 8.
Be3 Be7 9. c4 Qd6 10. Qb3 Qb4 11. Qc2 1/2-1/2

[Event "2BLW 1920 TSV Schott Mainz - Bochumer S"]
[Site "?"]
[Date "2019.12.08"]
[Round "4.2"]
[White "Krivonosov, Oleg"]
[Black "Friedmann, Rafael"]
[Result "1/2-1/2"]
[WhiteElo "2399"]
[BlackElo "2451"]
[PlyCount "40"]
[EventDate "2019.??.??"]

1. Nf3 c5 2. c4 g6 3. d4 Bg7 4. e4 cxd4 5. Nxd4 Nc6 6. Be3 Nf6 7. Nc3 O-O 8.
Be2 d6 9. O-O Bd7 10. Qd2 Nxd4 11. Bxd4 Bc6 12. f3 a5 13. b3 Nd7 14. Bxg7 Kxg7
15. Qd4+ Kg8 16. Rac1 Qb6 17. Qxb6 Nxb6 18. Nd5 Bxd5 19. cxd5 Rfc8 20. Kf2 e5
1/2-1/2

[Event "2BLW 1920 TSV Schott Mainz - Bochumer S"]
[Site "?"]
[Date "2019.12.08"]
[Round "4.3"]
[White "Jellinghaus, Lars"]
[Black "Balcerak, Jakob"]
[Result "0-1"]
[WhiteElo "2232"]
[BlackElo "2476"]
[PlyCount "68"]
[EventDate "2019.??.??"]

1. d4 Nf6 2. c4 e6 3. Nf3 d5 4. cxd5 exd5 5. Bg5 h6 6. Bh4 c6 7. Qc2 g5 8. Bg3
Ne4 9. e3 Bf5 10. Bd3 Na6 11. Qe2 Nb4 12. Ne5 Bg7 13. f3 Nxg3 14. hxg3 Bxe5 15.
Bxf5 Bxg3+ 16. Kd1 Qf6 17. Rh3 Qxf5 18. Rxg3 O-O-O 19. Nc3 c5 20. a3 Nc6 21.
dxc5 d4 22. Ne4 dxe3+ 23. Nd6+ Kb8 24. Qxe3 Rhe8 25. Qc3 Qd5+ 26. Kc1 Nd4 27.
Kb1 Ne2 28. Qe1 Nxg3 29. Nxe8 Nf5 30. Nf6 Qd3+ 31. Ka2 Qc4+ 32. Kb1 Ne3 33.
Qxe3 Rd1+ 34. Qc1 Rxc1# 0-1

[Event "2BLW 1920 TSV Schott Mainz - Bochumer S"]
[Site "?"]
[Date "2019.12.08"]
[Round "4.4"]
[White "Cicak, Slavko"]
[Black "Kiese, Matthias"]
[Result "1-0"]
[WhiteElo "2477"]
[BlackElo "2200"]
[PlyCount "153"]
[EventDate "2019.??.??"]

1. c4 e6 2. Nf3 d5 3. e3 Nf6 4. b3 Be7 5. Bb2 O-O 6. Be2 c5 7. O-O Nc6 8. cxd5
Nxd5 9. a3 b6 10. d3 Bb7 11. Nbd2 Bf6 12. Qc2 Bxb2 13. Qxb2 Qf6 14. Qxf6 Nxf6
15. Rab1 Nd5 16. Rfc1 Rfd8 17. g3 Rac8 18. Nc4 f6 19. Nfd2 Rd7 20. Ne4 Rcd8 21.
f4 h6 22. Kf2 Kf8 23. Nc3 Nxc3 24. Rxc3 Ne7 25. b4 Rc7 26. b5 Nc8 27. a4 Bd5
28. Nd2 Rcd7 29. Ra3 Ke7 30. h4 Nd6 31. e4 Bb7 32. Ke3 Nc8 33. g4 Rd4 34. Raa1
R4d7 35. Rg1 Nd6 36. g5 hxg5 37. hxg5 Rh8 38. gxf6+ gxf6 39. Rg7+ Kd8 40. Rag1
Rh7 41. Rg8+ Kc7 42. Rc1 e5 43. fxe5 fxe5 44. Nf3 Rde7 45. Rcg1 a6 46. bxa6
Bxa6 47. R8g5 Nf7 48. Rg7 Rxg7 49. Rxg7 Kd6 50. Nh4 Bc8 51. Nf5+ Bxf5 52. exf5
Nd8 53. Rg6+ Kc7 54. Bf3 Rd7 55. Be4 Rh7 56. Bd5 Rh4 57. f6 Rf4 58. f7 Nxf7 59.
Rg7 Kd6 60. Bxf7 Rxa4 61. Rg6+ Kc7 62. Bd5 Rb4 63. Re6 b5 64. Rxe5 Kd6 65. Rh5
c4 66. d4 Rb3+ 67. Ke4 Rb1 68. Rh6+ Ke7 69. Rc6 Kd7 70. Rc5 Kd6 71. Bb7 Re1+
72. Kf4 Rd1 73. Ke3 Rd3+ 74. Ke4 Rb3 75. Ba6 c3 76. Bxb5 c2 77. Bd3 1-0

[Event "2BLW 1920 TSV Schott Mainz - Bochumer S"]
[Site "?"]
[Date "2019.12.08"]
[Round "4.5"]
[White "Schneider, Bernd"]
[Black "Cremer, Kevin"]
[Result "0-1"]
[WhiteElo "2356"]
[BlackElo "2273"]
[PlyCount "42"]
[EventDate "2019.??.??"]

1. c4 b6 2. Nc3 Bb7 3. e4 e5 4. Nf3 Nc6 5. d4 exd4 6. Nxd4 Bb4 7. Nf5 Bxc3+ 8.
bxc3 Qf6 9. Be2 Nge7 10. Ne3 Qxc3+ 11. Bd2 Qd4 12. Nd5 O-O-O 13. f3 Nxd5 14.
cxd5 Nb4 15. Rc1 Ba6 16. Rc3 f5 17. Qc1 Bxe2 18. Kxe2 fxe4 19. Rxc7+ Kb8 20.
Bxb4 exf3+ 21. gxf3 Qe5+ 0-1

[Event "2BLW 1920 TSV Schott Mainz - Bochumer S"]
[Site "?"]
[Date "2019.12.08"]
[Round "4.6"]
[White "Goebel, Constantin"]
[Black "Pewny, Uwe"]
[Result "1-0"]
[WhiteElo "2260"]
[BlackElo "2224"]
[PlyCount "45"]
[EventDate "2019.??.??"]

1. e4 d6 2. d4 Nf6 3. Nc3 Nbd7 4. Nf3 e5 5. Bc4 Be7 6. O-O O-O 7. h3 c6 8. a4
a5 9. Re1 Nb6 10. Bf1 Nfd7 11. b3 exd4 12. Nxd4 Nc5 13. Bb2 Re8 14. Qf3 Bf6 15.
Rad1 Be5 16. Qe3 Qe7 17. Ba3 Bd7 18. f4 Bf6 19. e5 Nc8 20. Nf3 b6 21. Qf2 dxe5
22. fxe5 Bg5 23. Bxc5 1-0

[Event "2BLW 1920 TSV Schott Mainz - Bochumer S"]
[Site "?"]
[Date "2019.12.08"]
[Round "4.7"]
[White "Wolter, Detlev"]
[Black "Gohil, Harry"]
[Result "0-1"]
[WhiteElo "2220"]
[BlackElo "2237"]
[PlyCount "84"]
[EventDate "2019.??.??"]

1. d4 Nf6 2. Nf3 g6 3. g3 Bg7 4. Bg2 O-O 5. O-O d6 6. b3 c5 7. Bb2 Nc6 8. d5
Nb4 9. c4 b5 10. a3 Na6 11. Nfd2 Rb8 12. Qc2 Nc7 13. Nc3 e6 14. e4 Re8 15. Rfe1
h5 16. Rad1 exd5 17. cxd5 h4 18. b4 hxg3 19. hxg3 Na6 20. Na2 Qb6 21. Nb3 Ng4
22. Bxg7 Kxg7 23. bxc5 dxc5 24. Qb2+ f6 25. Nac1 Bd7 26. f3 Ne5 27. f4 Nc4 28.
Qa1 Bg4 29. Rd3 Nxa3 30. Rd2 b4 31. Rf2 c4 32. Nd4 c3 33. Nc6 Nc2 34. Qxa6 Qxa6
35. Rxc2 Qb6+ 36. Rf2 Rbc8 37. Nb3 Bd7 38. Nbd4 Bxc6 39. Nxc6 b3 40. Bf1 b2 41.
Bd3 Rxc6 42. dxc6 Rd8 0-1

[Event "2BLW 1920 TSV Schott Mainz - Bochumer S"]
[Site "?"]
[Date "2019.12.08"]
[Round "4.8"]
[White "Siebenhaar, Erich"]
[Black "Ganzer, Uwe"]
[Result "1/2-1/2"]
[WhiteElo "2020"]
[BlackElo "2214"]
[PlyCount "44"]
[EventDate "2019.??.??"]

1. d4 Nf6 2. Nf3 c5 3. e3 e6 4. Bd3 b6 5. O-O Be7 6. Nbd2 Ba6 7. c4 O-O 8. b3
Nc6 9. Bb2 Nb4 10. Bb1 d5 11. Ne5 Rc8 12. Qf3 cxd4 13. exd4 Bb7 14. Qh3 Nc6 15.
Rd1 dxc4 16. Nxc6 Rxc6 17. d5 c3 18. Bxc3 Rxc3 19. Qxc3 Nxd5 20. Qh3 g6 21. Be4
b5 22. a4 a6 1/2-1/2

[Event "2BLW 1920 SG Solingen II - SC Remagen S"]
[Site "?"]
[Date "2019.12.08"]
[Round "4.1"]
[White "Cyborowski, Lukasz"]
[Black "Nikolic, Predrag"]
[Result "1/2-1/2"]
[WhiteElo "2509"]
[BlackElo "2568"]
[PlyCount "33"]
[EventDate "2019.??.??"]

1. d4 d5 2. Nf3 Nf6 3. c4 dxc4 4. e3 Bg4 5. Nbd2 e6 6. Nxc4 Bb4+ 7. Bd2 Bxd2+
8. Ncxd2 Nbd7 9. Be2 O-O 10. Rc1 c6 11. O-O Qa5 12. Ne5 Bxe2 13. Qxe2 Rfd8 14.
Ndf3 Nxe5 15. Nxe5 Nd7 16. Nxd7 Rxd7 17. Rc5 1/2-1/2

[Event "2BLW 1920 SG Solingen II - SC Remagen S"]
[Site "?"]
[Date "2019.12.08"]
[Round "4.2"]
[White "Handke, Florian"]
[Black "Dgebuadze, Alexandre"]
[Result "1-0"]
[WhiteElo "2527"]
[BlackElo "2486"]
[PlyCount "81"]
[EventDate "2019.??.??"]

1. e4 e6 2. d4 d5 3. Nc3 Bb4 4. e5 Ne7 5. a3 Bxc3+ 6. bxc3 c5 7. Qg4 O-O 8. Bd3
Nbc6 9. Qh5 Ng6 10. Nf3 Qc7 11. Be3 c4 12. Bxg6 fxg6 13. Qg4 Bd7 14. h4 Rf5 15.
h5 gxh5 16. Rxh5 Rxh5 17. Qxh5 Be8 18. Qh3 Nd8 19. Kd2 Bg6 20. Rf1 a5 21. Nh4
Qf7 22. g4 b5 23. Nxg6 Qxg6 24. f4 b4 25. f5 Qf7 26. axb4 axb4 27. cxb4 c3+ 28.
Ke2 Ra2 29. Rh1 h6 30. Bxh6 gxh6 31. Qxh6 Qg7 32. Kd3 Ra3 33. Qh5 Kf8 34. f6
Qg8 35. g5 Nf7 36. g6 Ra8 37. b5 Rb8 38. b6 Rxb6 39. g7+ Ke8 40. Qh7 Nh6 41.
Rxh6 1-0

[Event "2BLW 1920 SG Solingen II - SC Remagen S"]
[Site "?"]
[Date "2019.12.08"]
[Round "4.3"]
[White "Jaracz, Pawel"]
[Black "Kreisl, Robert"]
[Result "1-0"]
[WhiteElo "2462"]
[BlackElo "2391"]
[PlyCount "51"]
[EventDate "2019.??.??"]

1. e4 c5 2. Nf3 Nc6 3. Bb5 d6 4. O-O Bd7 5. Re1 a6 6. Bxc6 Bxc6 7. d4 cxd4 8.
Nxd4 Nf6 9. Nxc6 bxc6 10. Qf3 e5 11. Nd2 Nd7 12. Nc4 Nb6 13. Ne3 g6 14. b3 Be7
15. Bb2 Qd7 16. Rad1 Qe6 17. Qg3 Bf6 18. Rd3 O-O 19. Red1 Rfd8 20. c4 c5 21.
Nf5 Nc8 22. Nh6+ Kg7 23. Ng4 Ne7 24. Nxf6 Qxf6 25. Rxd6 Rxd6 26. Rxd6 1-0

[Event "2BLW 1920 SG Solingen II - SC Remagen S"]
[Site "?"]
[Date "2019.12.08"]
[Round "4.4"]
[White "Wegerle, Joerg"]
[Black "Cioara, Andrei-Nestor"]
[Result "1/2-1/2"]
[WhiteElo "2401"]
[BlackElo "2417"]
[PlyCount "41"]
[EventDate "2019.??.??"]

1. d4 e6 2. Nc3 d5 3. Bf4 Nf6 4. e3 a6 5. Nf3 c5 6. Be2 Nc6 7. O-O b5 8. Ne5
Nxe5 9. Bxe5 Be7 10. Bf3 Bb7 11. dxc5 Bxc5 12. Bxf6 Qxf6 13. e4 Bd4 14. exd5
Bxc3 15. bxc3 O-O 16. dxe6 Bxf3 17. exf7+ Rxf7 18. Qxf3 Qxf3 19. gxf3 Rxf3 20.
a4 bxa4 21. Rxa4 {(=)} 1/2-1/2

[Event "2BLW 1920 SG Solingen II - SC Remagen S"]
[Site "?"]
[Date "2019.12.08"]
[Round "4.5"]
[White "Mainka, Romuald"]
[Black "Schlecht, Daniel"]
[Result "1/2-1/2"]
[WhiteElo "2394"]
[BlackElo "2362"]
[PlyCount "29"]
[EventDate "2019.??.??"]

1. e4 c6 2. Nf3 d5 3. d3 dxe4 4. dxe4 Qxd1+ 5. Kxd1 Bg4 6. Be2 Nd7 7. Nbd2 e5
8. Nb3 Ngf6 9. Nfd2 Be6 10. f3 Nb6 11. Na5 O-O-O 12. c3 Bc5 13. Kc2 Be3 14. Re1
Kc7 15. Ndc4 1/2-1/2

[Event "2BLW 1920 SG Solingen II - SC Remagen S"]
[Site "?"]
[Date "2019.12.08"]
[Round "4.6"]
[White "Schaefer, Markus"]
[Black "Geirnaert, Steven"]
[Result "1/2-1/2"]
[WhiteElo "2374"]
[BlackElo "2428"]
[PlyCount "41"]
[EventDate "2019.??.??"]

1. e4 e5 2. Nf3 Nc6 3. d4 exd4 4. Nxd4 Nf6 5. Nxc6 bxc6 6. Qe2 Bc5 7. e5 Nd5 8.
c4 Ne7 9. Be3 Bxe3 10. Qxe3 d6 11. Nc3 Nf5 12. Qe4 dxe5 13. Qxe5+ Be6 14. Rd1
Qe7 15. Bd3 f6 16. Qe2 Nd4 17. Qe4 Rd8 18. O-O f5 19. Qe5 O-O 20. Ne2 c5 21.
Nxd4 {(=)} 1/2-1/2

[Event "2BLW 1920 SG Solingen II - SC Remagen S"]
[Site "?"]
[Date "2019.12.08"]
[Round "4.8"]
[White "Zolfagharian, Kevin"]
[Black "Busch, Raimund"]
[Result "1/2-1/2"]
[WhiteElo "2244"]
[BlackElo "2206"]
[PlyCount "65"]
[EventDate "2019.??.??"]

1. e4 e6 2. d4 d5 3. Nc3 dxe4 4. Nxe4 Nd7 5. Nf3 Ngf6 6. Nxf6+ Nxf6 7. c3 c5 8.
Be3 cxd4 9. Bxd4 Be7 10. Bd3 O-O 11. Qc2 h6 12. O-O-O Nd7 13. g4 Bf6 14. Be3
Qa5 15. g5 hxg5 16. h4 g4 17. Bh7+ Kh8 18. Ng5 Qe5 19. Qa4 g6 20. Rxd7 Bxd7 21.
Qxd7 Kg7 22. Bd4 Qf4+ 23. Kb1 Qf5+ 24. Kc1 Bxd4 25. Qxd4+ e5 26. Qc5 Rac8 27.
Qe7 Rfe8 28. Qxb7 Rb8 29. Qa6 Qf4+ 30. Kb1 Rxb2+ 31. Kxb2 Qd2+ 32. Ka3 Qxc3+
33. Ka4 {(=)} 1/2-1/2

[Event "2BLW 1920 SC Remagen Sinzig - SC Hansa "]
[Site "?"]
[Date "2020.01.19"]
[Round "5.1"]
[White "Klyuner, Vyacheslav"]
[Black "Cyborowski, Lukasz"]
[Result "0-1"]
[WhiteElo "2439"]
[BlackElo "2505"]
[PlyCount "100"]
[EventDate "2020.??.??"]

1. e4 e5 2. Nf3 Nf6 3. Nxe5 d6 4. Nf3 Nxe4 5. Qe2 Qe7 6. d3 Nf6 7. Bg5 Qxe2+ 8.
Bxe2 Be7 9. Nc3 h6 10. Bh4 Bd7 11. O-O-O Nc6 12. d4 O-O-O 13. d5 Ne5 14. Nxe5
dxe5 15. Bg3 Bd6 16. Nb5 Bxb5 17. Bxb5 Nh5 18. f3 Nxg3 19. hxg3 h5 20. Bd3 g6
21. g4 hxg4 22. fxg4 Kd7 23. Kd2 Rdf8 24. c4 a5 25. Rdf1 Rxh1 26. Rxh1 Ke7 27.
g5 Kd7 28. Rh7 Be7 29. Kc3 b6 30. a3 Kd6 31. b4 axb4+ 32. axb4 Bxg5 33. Kb3 f5
34. Ka4 e4 35. Be2 Ra8+ 36. Kb3 Bc1 37. Bd1 Ra3+ 38. Kc2 Bf4 39. g4 Ra2+ 40.
Kb3 Rd2 41. Bc2 e3 42. Rg7 e2 43. Rxg6+ Kd7 44. Bxf5+ Kd8 45. Re6 Bg3 46. g5
e1=Q 47. Rxe1 Bxe1 48. g6 Ke7 49. Be6 Kf6 50. Bf7 Rd4 0-1

[Event "2BLW 1920 SC Remagen Sinzig - SC Hansa "]
[Site "?"]
[Date "2020.01.19"]
[Round "5.2"]
[White "Dgebuadze, Alexandre"]
[Black "Scholz, Christian"]
[Result "1-0"]
[WhiteElo "2482"]
[BlackElo "2377"]
[PlyCount "73"]
[EventDate "2020.??.??"]

1. e4 c5 2. Nf3 d6 3. d4 cxd4 4. Qxd4 Nc6 5. Bb5 Bd7 6. Bxc6 bxc6 7. c4 e5 8.
Qd3 h6 9. Nc3 Nf6 10. O-O Be7 11. c5 Bg4 12. cxd6 Qxd6 13. Qxd6 Bxd6 14. Be3
Be6 15. Rfd1 Ke7 16. h3 a5 17. Rd2 Rhf8 18. Rad1 Bc7 19. b3 a4 20. Nxa4 Nxe4
21. Rc2 Ra6 22. Nd2 Nxd2 23. Nc5 Raa8 24. Nxe6 fxe6 25. Rdxd2 Ra6 26. Bc5+ Kf6
27. Rd7 Rc8 28. Be7+ Kf5 29. b4 Bb6 30. b5 Ra4 31. g4+ Kf4 32. Bh4 h5 33. Bg3+
Ke4 34. Re2+ Kf3 35. Kf1 Rd8 36. Rxd8 Bxd8 37. Re3# 1-0

[Event "2BLW 1920 SC Remagen Sinzig - SC Hansa "]
[Site "?"]
[Date "2020.01.19"]
[Round "5.3"]
[White "Kalka, Arkadius Georg"]
[Black "Jaracz, Pawel"]
[Result "0-1"]
[WhiteElo "2339"]
[BlackElo "2466"]
[PlyCount "102"]
[EventDate "2020.??.??"]

1. e4 c5 2. Nf3 Nc6 3. d4 cxd4 4. Nxd4 e6 5. Nb5 d6 6. c4 Nf6 7. N1c3 a6 8. Na3
b6 9. Be3 Be7 10. Be2 O-O 11. O-O Bb7 12. Rc1 Ne5 13. f4 Ned7 14. Bf3 Rc8 15.
Qe2 Re8 16. Qf2 Qc7 17. Qg3 Nc5 18. Bd4 Nd3 19. e5 dxe5 20. fxe5 Nxc1 21. Bxb7
Bxa3 22. bxa3 Rcd8 23. Be3 Nh5 24. Qf3 Nd3 25. Bxa6 Qxe5 26. Bxb6 Nf6 27. Bxd8
Rxd8 28. Nd1 h5 29. h3 Nc5 30. Bb5 Rd3 31. Qa8+ Kh7 32. Nf2 Qd4 33. Qa7 Rd2 34.
Bc6 Kg6 35. a4 Rxa2 36. Qb6 Rb2 37. Qa7 Qxc4 38. Bb5 Qd4 39. Bd3+ Kh6 40. Bb1
Qb4 41. Nd3 Qd4+ 42. Nf2 Rb7 43. Qa8 Rxb1 44. Rxb1 Nfe4 45. a5 Qxf2+ 46. Kh2
Nd2 47. Rb4 Nf1+ 48. Kh1 Ng3+ 49. Kh2 Ne2 50. Rb1 Qf4+ 51. Kh1 Ne4 0-1

[Event "2BLW 1920 SC Remagen Sinzig - SC Hansa "]
[Site "?"]
[Date "2020.01.19"]
[Round "5.4"]
[White "Mainka, Romuald"]
[Black "Ackermann, Hans Werner"]
[Result "1/2-1/2"]
[WhiteElo "2394"]
[BlackElo "2277"]
[PlyCount "112"]
[EventDate "2020.??.??"]

1. e4 d6 2. d4 g6 3. Nf3 Bg7 4. c3 Nf6 5. Bd3 O-O 6. O-O Nc6 7. Re1 e5 8. h3 a5
9. Na3 exd4 10. cxd4 Nb4 11. Bb1 c6 12. Nc2 c5 13. d5 Nd7 14. Ne3 b5 15. Ng4 h5
16. Ngh2 c4 17. a3 Na6 18. Nd4 Bxd4 19. Qxd4 Qf6 20. Qxf6 Nxf6 21. Bf4 Rd8 22.
Nf3 Nc5 23. Nd4 Ba6 24. Bc2 a4 25. Rad1 Rd7 26. f3 Re8 27. Nc6 Bb7 28. Nb4 Rc8
29. Bd2 Re7 30. Bc3 Nfd7 31. Bd4 Kh7 32. Bf2 f6 33. Bh4 Kg7 34. Kh2 g5 35. Bf2
h4 36. Bd4 Ne5 37. Bc3 Ng6 38. Rd2 Nf4 39. Red1 Nd7 40. Nc6 Bxc6 41. dxc6 Rxc6
42. Rxd6 Rc7 43. Ra6 Rf7 44. Rdd6 Rb7 45. e5 Nxe5 46. Rxf6 Rxf6 47. Bxe5 Nh5
48. f4 Re7 49. Bc3 Kf7 50. Bxf6 Nxf6 51. fxg5 Nd5 52. Bd1 Re1 53. Bh5+ Kg7 54.
Ra7+ Kf8 55. g6 Kg8 56. Bf3 Ne3 1/2-1/2

[Event "2BLW 1920 SC Remagen Sinzig - SC Hansa "]
[Site "?"]
[Date "2020.01.19"]
[Round "5.5"]
[White "Kotter, Ralf"]
[Black "Geirnaert, Steven"]
[Result "1-0"]
[WhiteElo "2333"]
[BlackElo "2426"]
[PlyCount "113"]
[EventDate "2020.??.??"]

1. e4 e5 2. Nf3 Nc6 3. Bc4 Bc5 4. O-O d6 5. c3 Nf6 6. d3 a6 7. b4 Ba7 8. a4 O-O
9. Re1 Qe7 10. Nbd2 Ng4 11. Re2 Kh8 12. h3 Nh6 13. Nf1 f5 14. Bg5 Qe8 15. Bxh6
gxh6 16. exf5 Rxf5 17. Ng3 Rxf3 18. gxf3 Ne7 19. d4 Qc6 20. Qd3 Ng6 21. b5 Qd7
22. Qe4 Qxh3 23. Rd2 Nf4 24. Bf1 Qh4 25. bxa6 Bh3 26. Bd3 Qe7 27. axb7 Rg8 28.
Re1 Be6 29. Rb2 h5 30. b8=Q Bxb8 31. dxe5 Nh3+ 32. Kf1 d5 33. Qb4 c5 34. Qxb8
Rxb8 35. Rxb8+ Bg8 36. Bf5 Nf4 37. e6 h4 38. Ne2 Nxe6 39. Nf4 Qd6 40. Rxg8+
Kxg8 41. Bxe6+ Kg7 42. Nxd5 Qa6+ 43. Kg2 Qxa4 44. Re4 Qc6 45. Rg4+ Kh6 46.
Rxh4+ Kg7 47. Rg4+ Kh6 48. Bf7 c4 49. Bg8 Qa8 50. Ne3 Qa5 51. Bxc4 Kh5 52. Bf7+
Kh6 53. Be6 Qc7 54. Nf5+ Kh5 55. Rg7 h6 56. Ng3+ Qxg3+ 57. Rxg3 1-0

[Event "2BLW 1920 SC Remagen Sinzig - SC Hansa "]
[Site "?"]
[Date "2020.01.19"]
[Round "5.6"]
[White "Alienkin, Aleksander"]
[Black "Christensen, Niels"]
[Result "0-1"]
[WhiteElo "2382"]
[BlackElo "2282"]
[PlyCount "90"]
[EventDate "2020.??.??"]

1. d4 d5 2. c4 c6 3. Nf3 Nf6 4. e3 e6 5. b3 Nbd7 6. Bd3 Bd6 7. Bb2 O-O 8. Nbd2
b6 9. O-O Bb7 10. Qc2 Rc8 11. Ne5 h6 12. f4 c5 13. Rae1 b5 14. Nxd7 Nxd7 15.
dxc5 Bxc5 16. Qc3 f6 17. Kh1 Qb6 18. b4 bxc4 19. bxc5 Nxc5 20. Be2 Nd3 21. Bxd3
cxd3 22. Qa3 Rc2 23. Bd4 Qa6 24. Qxa6 Bxa6 25. Rf2 Rfc8 26. Bxa7 Rxa2 27. Bd4
Rcc2 28. Rd1 Bb5 29. Kg1 Kf7 30. Kf1 Ke7 31. Ke1 Kd6 32. Rb1 e5 33. fxe5+ fxe5
34. Ba1 h5 35. Bc3 h4 36. Bb4+ Ke6 37. Rf8 d4 38. exd4 e4 39. Kf2 Rxd2+ 40.
Bxd2 Rxd2+ 41. Kf1 Rb2 42. Rxb2 d2+ 43. Rxb5 d1=Q+ 44. Kf2 Qxd4+ 45. Kf1 Qd3+
0-1

[Event "2BLW 1920 SC Remagen Sinzig - SC Hansa "]
[Site "?"]
[Date "2020.01.19"]
[Round "5.7"]
[White "Babar, Michael"]
[Black "Huhndorf, Arnold"]
[Result "0-1"]
[WhiteElo "2119"]
[BlackElo "2212"]
[PlyCount "64"]
[EventDate "2020.??.??"]

1. d4 Nf6 2. c4 c5 3. d5 g6 4. Nc3 Bg7 5. g3 O-O 6. Bg2 e6 7. Nf3 exd5 8. cxd5
d6 9. O-O Re8 10. Re1 a6 11. a4 Nbd7 12. h3 Ne4 13. Nxe4 Rxe4 14. Qc2 Rb4 15.
e4 Nb6 16. Nd2 Bd7 17. a5 Ba4 18. Rxa4 Nxa4 19. b3 Nc3 20. e5 Nb5 21. exd6 Rc8
22. Nc4 Nxd6 23. Nb6 Rxb6 24. axb6 Qxb6 25. Bb2 Bxb2 26. Qxb2 c4 27. b4 c3 28.
Qa3 c2 29. h4 Qd4 30. Rc1 Qd2 31. Qb2 Rc3 32. h5 Nc4 0-1

[Event "2BLW 1920 SC Remagen Sinzig - SC Hansa "]
[Site "?"]
[Date "2020.01.19"]
[Round "5.8"]
[White "Busch, Raimund"]
[Black "Burchert, Wolfgang"]
[Result "0-1"]
[WhiteElo "2207"]
[BlackElo "2067"]
[PlyCount "40"]
[EventDate "2020.??.??"]

1. Nf3 c5 2. c4 g6 3. Nc3 Bg7 4. e3 Nf6 5. d4 cxd4 6. exd4 d5 7. cxd5 Nxd5 8.
Bc4 Nxc3 9. bxc3 O-O 10. O-O Nc6 11. Bg5 Qc7 12. Qd2 Bg4 13. Be2 Rad8 14. Qe3
Rfe8 15. Rab1 Be6 16. Bf4 Qc8 17. a3 Na5 18. Rb5 b6 19. Bh6 Bh8 20. Rh5 Bc4 0-1